Residntial Landscape Architecture Design Process for the Private Residence (Record no. 5901)
[ view plain ]
| 000 -LEADER | |
|---|---|
| fixed length control field | 00317nam a2200109Ia 4500 |
| 008 - FIXED-LENGTH DATA ELEMENTS--GENERAL INFORMATION | |
| fixed length control field | 200302s9999 xx 000 0 und d |
| 100 ## - MAIN ENTRY--PERSONAL NAME | |
| Personal name | Norman K. Booth & Other |
| 245 ## - TITLE STATEMENT | |
| Title | Residntial Landscape Architecture Design Process for the Private Residence |
| 260 ## - PUBLICATION, DISTRIBUTION, ETC. | |
| Name of publisher, distributor, etc. | Prentice Hall Inc. |
| 260 ## - PUBLICATION, DISTRIBUTION, ETC. | |
| Date of publication, distribution, etc. | 1991 |
| 300 ## - PHYSICAL DESCRIPTION | |
| Extent | 377 P., |
| Withdrawn status | Lost status | Damaged status | Not for loan | Permanent Location | Current Location | Date acquired | Cost, normal purchase price | Total Checkouts | Full call number | Barcode | Date last seen | Date last checked out | Price effective from | Koha item type |
|---|---|---|---|---|---|---|---|---|---|---|---|---|---|---|
| BMS College of Architecture, Design and Planning | BMS College of Architecture, Design and Planning | 2020-03-03 | 4528.00 | 3 | 712.6 | CL-PGTQ989 | 2025-07-02 | 2025-06-23 | 2020-03-03 | PG Books from CL |